| 000 | 00779nam a2200241Ia 4500 | ||
|---|---|---|---|
| 003 | GCL | ||
| 008 | 140319s9999 xx 000 0 ara d | ||
| 040 |
_aGCL / _cGCL |
||
| 082 | 0 | 4 |
_a338.5 _bا ق |
| 100 | 1 | _aاحمد رجب عبدالعال | |
| 245 | 1 | 0 |
_aقياس ورقابة التكاليف فى المشروعات الصناعية / _cاحمد رجب عبدالعال |
| 260 |
_a[S.N] : _bمؤسسة شباب الجامعة ، _c1989 |
||
| 300 | _a580 ص | ||
| 490 | _a | ||
| 650 | 0 | 4 | _aمحاسبة التكاليف |
| 650 | 0 | 4 | _aالهندسة الصناعية |
| 650 | 0 | 4 | _aالمشروعات |
| 650 | 0 | 4 | _aالصناعة |
| 650 | 0 | 4 | _aالتكاليف الصناعية |
| 650 | 0 | 4 | _aضبط التكاليف |
| 650 | 0 | 4 | _aالاسعار |
| 942 |
_2ddc _cBK |
||
| 999 |
_c33299 _d33299 |
||